Management Dynamics : Towards Efficiency ,Effectiveness ,Competence (Record no. 5721)

MARC details
000 -LEADER
fixed length control field 00428nam a2200133Ia 4500
008 - FIXED-LENGTH DATA ELEMENTS--GENERAL INFORMATION
fixed length control field 230104s9999||||xx |||||||||||||| ||und||
020 ## - INTERNATIONAL STANDARD BOOK NUMBER
International Standard Book Number 996646816-1
040 ## - CATALOGING SOURCE
Transcribing agency Chuka University Library
050 ## - LIBRARY OF CONGRESS CALL NUMBER
Classification number HD 31
Item number S24 2002
100 ## - MAIN ENTRY--PERSONAL NAME
Personal name Sagimo .O. Peter
9 (RLIN) 778
245 #0 - TITLE STATEMENT
Title Management Dynamics : Towards Efficiency ,Effectiveness ,Competence
260 ## - PUBLICATION, DISTRIBUTION, ETC.
Place of publication, distribution, etc. E.A. Educational Publishers
Name of publisher, distributor, etc. NRB, Kampala,Dar es salaam
Date of publication, distribution, etc. 2002
942 ## - ADDED ENTRY ELEMENTS (KOHA)
Koha item type Long Loan Books
Holdings
Withdrawn status Lost status Damaged status Not for loan Collection Home library Current library Shelving location Date acquired Total Checkouts Full call number Barcode Date last seen Price effective from Koha item type
        General Collection Books Main Campus Library Main Campus Library General Stacks 04/01/2023   HD 31 .S24 2002 2392/2007 04/01/2023 04/01/2023 Long Loan Books

Powered by Koha